00403ntaaa2200157 45000030003000000050017000030080021000200400037000410820017000781000022000952450041001172500010001582600047001683000014002156500016002290120251027202356.00714s1973 ag 01  aAR-BaBNbspacAR-BaBNeaacrdRIC a282.0000 Su5 aSullivan, John F  aThe externals of the catholic church a1 ed. aNew York : bP.J. Kennedy and Sons, c1951 axi, 403 p acatolicismo